01164nam a2200193Ia 4500001001100000003001000011008004100021040002500062041001300087100002400100245006700124250001100191260008600202300001200288500026000300501011400560520026000674650003600934L200-54560IT-CnALBA170116s9999||||xx |||||||||||||| ||und|| aIT-CnALBAcIT-CnALBA aITALIANO aVANHOYE ALBERT, SJ. 0aDIO HA TANTO AMATO IL MONDO. LECTIO SUL SACRIFICIO DI CRISTO.  a1a ed. a MI, TObPAOLINE EDITORIALE LIBRI c2003 [1° Ed.:2003 - Ed.Ling.Originale: 2003] a132 p.  aDALLA PAROLA ALLA VITA. INTRODUZIONE. SACRIFICIO DI RENDIMENTO DI GRAZIE. E PURIIFICAZIONE. E PASQUALE DI LIBERAZIONE. E DI ALLEANZA. SACRIFICIO DI ALLEANZA E FUOCO DELLO SPIRITO SANTO. SANGUE DELL'ALLEANZA E SPIRITO SANTO. DI CONSACRAZIONE SACERDOTALE. C aSocietà San Paolo EM - Piazza San Paolo, 14 - 12051 ALBA (CN) (non commercial uses only) ® Copyright 2017 aDALLA PAROLA ALLA VITA. INTRODUZIONE. SACRIFICIO DI RENDIMENTO DI GRAZIE. E PURIIFICAZIONE. E PASQUALE DI LIBERAZIONE. E DI ALLEANZA. SACRIFICIO DI ALLEANZA E FUOCO DELLO SPIRITO SANTO. SANGUE DELL'ALLEANZA E SPIRITO SANTO. DI CONSACRAZIONE SACERDOTALE. C aRELIGIONE - RELIGIONE CRISTIANA